00245nam a22001097a 4500020002200000082001200022100001800034245003000052260002800082300000800110650001700118 a978-81-7109-822-4 a232 NOL aNolan, Albert aJesus Before Christianity aMumbaibSt. Paulsc1976 a228 aJesus Christ